| 000 | 00370nam a22001577a 4500 | ||
|---|---|---|---|
| 003 | SGT | ||
| 020 | _a97803238114657 | ||
| 082 |
_a616.2 _bE21K |
||
| 100 | _aKACMAREC, ROBERT M. | ||
| 245 | _aEGAN'S FUNDAMENTALS OF RESPIRATORY CARE | ||
| 250 | _a12TH | ||
| 260 |
_aMISSOURI _bELSEVIER PUB _c2021 |
||
| 300 | _a1376 | ||
| 650 | _aRESPIRATORY CARE | ||
| 942 |
_2ddc _cBK _02 |
||
| 999 |
_c22007 _d22007 |
||